| 000 | 00739nam a22002177a 4500 | ||
|---|---|---|---|
| 005 | 20151120115031.0 | ||
| 010 | _aENG-102877 B-453823 | ||
| 020 |
_a9789350850077 _c295.00 |
||
| 035 | _aEN-86410 B-453823 | ||
| 037 | _bDBAD/PUB | ||
| 037 | _bRBC/Ven | ||
| 082 | _a340.59 | ||
| 100 | _aRakesh Kumar Singh | ||
| 245 |
_aText book on Muslim law / _cby Rakesh Kumar Singh |
||
| 260 |
_aNew Delhi _bUniversal Law Publishing _c2011 |
||
| 270 |
_aCFF-1A, Dilkhush industrial estate, G.T.Karnal road _b Delhi _e110033 |
||
| 300 | 2 |
_axxxv,371p _c24cm (pbk) |
|
| 500 | _aIncludes index | ||
| 942 |
_2ddc _cEN _mRAK _h340.59 |
||
| 999 |
_c53518 _d53518 |
||